000 00502nam a2200205Ia 4500
001 13547
003 GE_BSU
008 181216s||||||||xx |||||||||||||| ||und||
020 _a0743440994
040 _cGE_BSU
080 _a821.111-3
100 _aClark Mary Higgins and Clark Carol Higgins.
245 _aHe sees you when you're sleeping.
260 _aLondon.
260 _bPocket books.
260 _c2001
300 _a201p;18cm.
653 _aHe sees you when you're sleeping.
942 _cBK
999 _c46703
_d46703